000 00482nam a2200181Ia 4500
001 9432
005 20260306161718.0
008 260306t2019||||xx |||||||||||||| ||spa||
041 _aESP
082 _a378.98541
_bA52 T. 1
100 _aAmado La Rosa, Jaime,
_eAUT
245 0 _aSingladura histórica de la Universidad Católica de Santa María (1961-2019)
260 _c2019
300 _a464 páginas :
_c24 cm.
650 _aGEN
654 _aCED
942 _cLIB
_dJUS
_fJUS
_2ddc
_n
999 _c9432
_d9432